Multifunkčné centrum
Guardado en:
| Autor principal: | |
|---|---|
| Otros Autores: | |
| Formato: | Manuscrito Libro |
| Lenguaje: | eslovaco |
| Publicado: |
2016
|
| Materias: | |
| Acceso en línea: | http://is.stuba.sk/zp/portal_zp.pl?podrobnosti=116891 https://opac.crzp.sk/?fn=detailBiblioForm&sid=A86BEDB9942C84EDD891338BE596 |
| Etiquetas: |
Sin Etiquetas, Sea el primero en etiquetar este registro!
|
MARC
| LEADER | 00000ntm a22000003a 4500 | ||
|---|---|---|---|
| 001 | stuzp57215 | ||
| 003 | SK-STU | ||
| 005 | 20230822124504.9 | ||
| 007 | ta | ||
| 008 | 150427s2015----xo-----f-mn---000-0-slo-d | ||
| 040 | |a STU |b slo | ||
| 041 | 0 | |a slo | |
| 100 | 1 | |a Beláňová, Lucia |u 010180 |4 aut |U SvF Stavebná fakulta |T SvF Katedra konštrukcií pozemných stavieb |X 7147 |U V180 |Y 18 |7 A000007147 | |
| 242 | 0 | 1 | |a Multifunctional centre |y eng |
| 245 | 1 | 0 | |a Multifunkčné centrum |
| 260 | |c 2016 | ||
| 650 | 4 | |a tepelno-technické posúdenie |2 slo | |
| 650 | 4 | |a výkresová dokumentácia |2 slo | |
| 650 | 4 | |a multifunkčné centrum |2 slo | |
| 650 | 4 | |a konštrukcia |2 slo | |
| 650 | 4 | |a heating assessment |2 eng | |
| 650 | 4 | |a multifunctional centre |2 eng | |
| 650 | 4 | |a technical documentation |2 eng | |
| 650 | 4 | |a drawings |2 eng | |
| 650 | 4 | |a materials |2 eng | |
| 650 | 4 | |a construction |2 eng | |
| 700 | 1 | |a Jakeš, Erik |u 010180 |k Z1 |4 ths |U SvF Stavebná fakulta |T SvF Katedra konštrukcií pozemných stavieb |X 2701 |U V180 |Y 18 |7 A000002701 | |
| 856 | 4 | |u http://is.stuba.sk/zp/portal_zp.pl?podrobnosti=116891 | |
| 856 | 4 | |u https://opac.crzp.sk/?fn=detailBiblioForm&sid=A86BEDB9942C84EDD891338BE596 | |
| SQL | |a stuzp57215 |b DDP |c SLO |d Multifunkčné centrum |e 7147 |f Beláňová, Lucia |g 010180 |h 2701 |i Jakeš, Erik |j 20160615 |k 8 |l 01 |m http://is.stuba.sk/zp/portal_zp.pl?podrobnosti=116891 |n I-AKP |o 5.1.4. pozemné stavby | ||